[Event "Gibraltar Masters 7th"]
[Site "Gibraltar"]
[Date "2009.02.05"]
[Round "10"]
[White "Perez Aleman, Pedro Tomas"]
[Black "Pali, Gabor"]
[Result "1/2-1/2"]
[WhiteElo "2160"]
[BlackElo "2049"]
[PlyCount "140"]
[EventDate "2009.01.27"]
[EventType "swiss"]
[EventRounds "10"]
[EventCountry "ENG"]
[SourceTitle "CBM 128 Extra"]
[Source "ChessBase"]
[SourceDate "2009.03.05"]
[SourceVersion "2"]
[SourceVersionDate "2009.03.25"]
[SourceQuality "1"]

1. Nf3 Nf6 2. c4 e6 3. Nc3 b6 4. g3 Bb7 5. Bg2 g6 6. 0-0 Bg7 7. Re1 d5 8. Ne5 0-0 9. d4 Nbd7 10. Bg5 h6 11. Bf4 g5 12. Bd2 Nxe5 13. dxe5 Ne4 14. Nxe4 dxe4 15. Bc3 Qxd1 16. Rexd1 Rfd8 17. b4 Rac8 18. Kf1 g4 19. Ke1 Kh7 20. a4 Kg6 21. a5 Kf5 22. axb6 axb6 23. Ra7 Rxd1+ 24. Kxd1 Ba8 25. Kc2 Bxe5 26. h4 gxh3 27. Bxh3+ Kf6 28. Bd2 h5 29. Be3 Bc6 30. b5 Ra8 31. Rxa8 Bxa8 32. Kb3 Ke7 33. Kb4 Bd6+ 34. c5 bxc5+ 35. Bxc5 Bd5 36. e3 f5 37. Bf1 e5 38. Be2 Bf7 39. Bd1 Kd7 40. Ba4 Kc8 41. Bxd6 cxd6 42. b6 Kb7 43. Ka5 f4 44. Bc6+ Kb8 45. Bxe4 fxg3 46. fxg3 d5 47. Bd3 Kb7 48. Ba6+ Kc6 49. Bb5+ Kb7 50. Bc6+ Kb8 51. Kb4 d4 52. e4 Be6 53. Bb5 Kb7 54. Kc5 Bb3 55. Bc6+ Kb8 56. Be8 Bd1 57. Bb5 Bc2 58. Be2 Bxe4 59. Kd6 Bg6 60. Kxe5 d3 61. Bf3 d2 62. Bd1 Kb7 63. Kd4 Kxb6 64. Ke3 Kc5 65. Kxd2 Kd4 66. Bf3 h4 67. gxh4 Ke5 68. Ke3 Kf6 69. Kf4 Kg7 70. Kg5 Be8 1/2-1/2

[Event "Gibraltar Challengers"]
[Site "Gibraltar"]
[Date "2009.02.02"]
[Round "2"]
[White "Pali, Gabor"]
[Black "Getz, Nicolai"]
[Result "0-1"]
[WhiteElo "2048"]
[BlackElo "2190"]
[PlyCount "52"]
[EventDate "2009.02.01"]
[EventType "swiss"]
[EventRounds "5"]
[EventCountry "ENG"]
[SourceTitle "CBM 128 Extra"]
[Source "ChessBase"]
[SourceDate "2009.03.05"]
[SourceVersion "2"]
[SourceVersionDate "2009.03.25"]
[SourceQuality "1"]

1. Nf3 Nf6 2. b3 g6 3. Bb2 Bg7 4. e3 0-0 5. c4 c5 6. g3 d6 7. d3 Nc6 8. Bg2 e5 9. Nfd2 Bg4 10. f3 Be6 11. Ne4 Ne8 12. h4 h6 13. Nbc3 f5 14. Nf2 Nf6 15. Qd2 Nh5 16. g4 Ng3 17. Rh2 f4 18. Nfe4 Nxe4 19. dxe4 Bf6 20. 0-0-0 fxe3 21. Qxd6 Qxd6 22. Rxd6 Nd4 23. Nd5 Bxd5 24. Rxd5 Ne2+ 25. Kd1 Nf4 26. Rxc5 e2+ 0-1

[Event "Gibraltar Masters 7th"]
[Site "Gibraltar"]
[Date "2009.02.01"]
[Round "6"]
[White "Gavriel, Tryfon"]
[Black "Pali, Gabor"]
[Result "0-1"]
[WhiteElo "2161"]
[BlackElo "2049"]
[PlyCount "62"]
[EventDate "2009.01.27"]
[EventType "swiss"]
[EventRounds "10"]
[EventCountry "ENG"]
[SourceTitle "CBM 128 Extra"]
[Source "ChessBase"]
[SourceDate "2009.03.05"]
[SourceVersion "2"]
[SourceVersionDate "2009.03.25"]
[SourceQuality "1"]

1. e4 b6 2. d4 e6 3. Bd3 d5 4. exd5 Qxd5 5. Nf3 Nf6 6. Nc3 Qd8 7. Qe2 Bb7 8. Bf4 Be7 9. 0-0-0 c6 10. Ne5 Nbd7 11. Rhe1 Nxe5 12. Bxe5 Bb4 13. f4 Qe7 14. Bxf6 gxf6 15. f5 Bxc3 16. bxc3 Qa3+ 17. Kd2 0-0-0 18. fxe6 Rhe8 19. Qg4 Rg8 20. Qh3 fxe6 21. Qxe6+ Kb8 22. g3 c5 23. Qxf6 cxd4 24. Qe5+ Ka8 25. cxd4 Qb4+ 26. c3 Qb2+ 27. Bc2 Rc8 28. Re3 Rgf8 29. Re2 Qxc3+ 30. Kc1 Qa1+ 31. Kd2 Rxc2+ 0-1

[Event "Gibraltar Challengers"]
[Site "Gibraltar"]
[Date "2009.02.01"]
[Round "1"]
[White "Middleton, Tom"]
[Black "Pali, Gabor"]
[Result "0-1"]
[WhiteElo "1840"]
[BlackElo "2048"]
[PlyCount "71"]
[EventDate "2009.02.01"]
[EventType "swiss"]
[EventRounds "5"]
[EventCountry "ENG"]
[SourceTitle "CBM 128 Extra"]
[Source "ChessBase"]
[SourceDate "2009.03.05"]
[SourceVersion "2"]
[SourceVersionDate "2009.03.25"]
[SourceQuality "1"]

1. e4 b6 2. d4 Bb7 3. Nc3 e6 4. Nf3 Bb4 5. Bd3 d5 6. exd5 Bxd5 7. a3 Bxc3+ 8. bxc3 Nf6 9. 0-0 Nbd7 10. Re1 0-0 11. Ne5 c5 12. Bg5 Qc7 13. Re3 c4 14. Nxd7 Nxd7 15. Bf1 f6 16. Bh4 Rae8 17. Bg3 Qc6 18. Qd2 Rf7 19. Rae1 Nf8 20. f4 f5 21. Be2 Nd7 22. Bh5 g6 23. Bf3 Bxf3 24. gxf3 Qd6 25. d5 Nf6 26. Rxe6 Rxe6 27. Rxe6 Qxd5 28. Qe2 Kg7 29. Bf2 Nh5 30. Bd4+ Kh6 31. Re5 Qd6 32. Qxc4 Rc7 33. Qe2 Qxa3 34. Rxf5 Re7 35. Re5 Rf7 36. Qg2 0-1

[Event "Gibraltar Challengers1"]
[Site "Gibraltar"]
[Date "2009.01.31"]
[Round "5"]
[White "Pali, Gabor"]
[Black "Urbina Perez, Juan Antonio"]
[Result "0-1"]
[WhiteElo "2049"]
[BlackElo "2215"]
[PlyCount "48"]
[EventDate "2009.01.27"]
[EventType "tourn"]
[EventRounds "5"]
[EventCountry "ENG"]
[SourceTitle "EXT 2010"]
[Source "ChessBase"]
[SourceDate "2010.11.25"]
[SourceVersion "1"]
[SourceVersionDate "2010.11.25"]
[SourceQuality "1"]

1. d4 Nf6 2. c4 e6 3. Nf3 b6 4. a3 Bb7 5. Nc3 d5 6. e3 Bd6 7. Be2 0-0 8. Qc2 a6 9. 0-0 Nbd7 10. Nd2 c5 11. Bf3 Qc7 12. g3 cxd4 13. exd4 Rac8 14. cxd5 Nxd5 15. Qd3 Nxc3 16. Bxb7 Ne2+ 17. Qxe2 Qxb7 18. Nc4 Bb8 19. Bg5 Qd5 20. Be7 Rfe8 21. Nxb6 Nxb6 22. Qxa6 Bc7 23. Bc5 Nc4 24. f3 Ra8 0-1

[Event "Budapest FS03 FM-A"]
[Site "Budapest"]
[Date "2008.03.12"]
[Round "12"]
[White "Pali, Gabor"]
[Black "Zoltan, Andras"]
[Result "1/2-1/2"]
[WhiteElo "2073"]
[BlackElo "2034"]
[PlyCount "38"]
[EventDate "2008.03.01"]
[EventType "tourn"]
[EventRounds "13"]
[EventCountry "HUN"]
[SourceTitle "CBM 123 Extra"]
[Source "ChessBase"]
[SourceDate "2008.05.06"]
[SourceVersion "1"]
[SourceVersionDate "2008.05.06"]
[SourceQuality "1"]

1. d4 c5 2. d5 e5 3. e4 d6 4. g3 Be7 5. Bg2 Bg5 6. Nd2 Ne7 7. Ne2 0-0 8. 0-0 f5 9. f4 Bf6 10. exf5 Bxf5 11. Ne4 Bxe4 12. Bxe4 Nd7 13. a4 c4 14. Be3 Qa5 15. fxe5 Bxe5 16. Nf4 Bxf4 17. gxf4 Nf6 18. Bg2 Nexd5 19. Bd4 Rad8 1/2-1/2

[Event "Budapest FS03 FM-A"]
[Site "Budapest"]
[Date "2008.03.07"]
[Round "7"]
[White "Bacso, Gabor"]
[Black "Pali, Gabor"]
[Result "1/2-1/2"]
[WhiteElo "2153"]
[BlackElo "2073"]
[PlyCount "29"]
[EventDate "2008.03.01"]
[EventType "tourn"]
[EventRounds "13"]
[EventCountry "HUN"]
[SourceTitle "CBM 123 Extra"]
[Source "ChessBase"]
[SourceDate "2008.05.06"]
[SourceVersion "1"]
[SourceVersionDate "2008.05.06"]
[SourceQuality "1"]

1. d4 Nf6 2. c4 e6 3. Nc3 b6 4. a3 Bb7 5. Qc2 c5 6. e3 cxd4 7. exd4 d5 8. cxd5 Nxd5 9. Nf3 a6 10. Bd3 g6 11. h4 Bg7 12. h5 Nc6 13. hxg6 hxg6 14. Rxh8+ Bxh8 15. Be3 1/2-1/2

[Event "Budapest FS03 FM-A"]
[Site "Budapest"]
[Date "2008.03.04"]
[Round "4"]
[White "Pali, Gabor"]
[Black "Mayer, Istvan"]
[Result "1/2-1/2"]
[WhiteElo "2073"]
[BlackElo "2102"]
[PlyCount "30"]
[EventDate "2008.03.01"]
[EventType "tourn"]
[EventRounds "13"]
[EventCountry "HUN"]
[SourceTitle "CBM 123 Extra"]
[Source "ChessBase"]
[SourceDate "2008.05.06"]
[SourceVersion "1"]
[SourceVersionDate "2008.05.06"]
[SourceQuality "1"]

1. e4 e5 2. Nf3 Nc6 3. Bb5 a6 4. Ba4 Nf6 5. 0-0 b5 6. Bb3 d6 7. Re1 Be7 8. c3 0-0 9. d3 Bg4 10. Nbd2 Qd7 11. Nf1 Na5 12. Bc2 c5 13. h3 Bh5 14. Ng3 Bg6 15. Be3 Nc6 1/2-1/2

[Event "HUN-chT2 Maroczy 0708"]
[Site "Hungary"]
[Date "2007.10.14"]
[Round "1"]
[White "Pali, Gabor"]
[Black "Toth, Sarolta"]
[Result "0-1"]
[WhiteElo "2091"]
[BlackElo "2067"]
[PlyCount "92"]
[EventDate "2007.10.14"]
[EventType "team"]
[EventRounds "11"]
[EventCountry "HUN"]
[SourceTitle "EXT 2009"]
[Source "ChessBase"]
[SourceDate "2008.11.26"]
[SourceVersion "1"]
[SourceVersionDate "2008.11.26"]
[SourceQuality "1"]
[WhiteTeam "Barcza"]
[BlackTeam "Oroshaza"]
[WhiteTeamCountry "HUN"]
[BlackTeamCountry "HUN"]

1. d4 Nf6 2. Nf3 c5 3. d5 g6 4. c4 b5 5. cxb5 a6 6. e3 Bg7 7. Nc3 0-0 8. e4 Bb7 9. Be3 d6 10. Be2 axb5 11. Bxb5 Qa5 12. Nd2 Ba6 13. Nc4 Qc7 14. a4 Nbd7 15. 0-0 Nb6 16. Qd3 Nxc4 17. Qxc4 Qa5 18. Bxa6 Qxa6 19. Qxa6 Rxa6 20. f3 Rb8 21. Nb5 Nd7 22. Rfb1 Nb6 23. Nc3 Nc4 24. Bc1 Rb4 25. Kf2 h5 26. Ke2 Bxc3 27. bxc3 Rxb1 28. Rxb1 Rxa4 29. Rb8+ Kg7 30. Rb7 Ra2+ 31. Kd3 Ne5+ 32. Ke3 Kf6 33. g4 hxg4 34. f4 Nf3 35. c4 Rxh2 36. Bb2+ e5 37. Rb6 Ke7 38. Rb7+ Ke8 39. fxe5 Nxe5 40. Bxe5 dxe5 41. d6 Ra2 42. Re7+ Kd8 43. Rxf7 Ra3+ 44. Kd2 g3 45. Rg7 g2 46. Rxg6 Ra1 0-1

[Event "Budapest FS06 FM-A"]
[Site "Budapest"]
[Date "2007.06.08"]
[Round "7"]
[White "Mizsei, Janos"]
[Black "Pali, Gabor"]
[Result "1/2-1/2"]
[WhiteElo "2161"]
[BlackElo "2084"]
[PlyCount "78"]
[EventDate "2007.06.02"]
[EventType "tourn"]
[EventRounds "11"]
[EventCountry "HUN"]
[SourceTitle "CBM 118 Extra"]
[Source "ChessBase"]
[SourceDate "2007.07.04"]
[SourceVersion "1"]
[SourceVersionDate "2007.07.04"]
[SourceQuality "1"]

1. d4 d5 2. c4 e6 3. Nf3 c6 4. Nc3 Be7 5. e4 dxe4 6. Nxe4 Nf6 7. Bd3 Nxe4 8. Bxe4 Bb4+ 9. Bd2 Qa5 10. 0-0 Bxd2 11. Qxd2 Qxd2 12. Nxd2 Nd7 13. c5 e5 14. Nc4 exd4 15. Nd6+ Kf8 16. Bf5 g6 17. Bxd7 Bxd7 18. Rfd1 b6 19. Rxd4 bxc5 20. Rc4 Ke7 21. Ne4 Be6 22. Rxc5 Bd5 23. Re1 f5 24. Nc3+ Kd6 25. b4 a5 26. a3 axb4 27. axb4 Rhb8 28. Nxd5 cxd5 29. Rd1 Rxb4 30. Rcxd5+ Ke6 31. Rd6+ Kf7 32. Rd7+ Kg8 33. g3 Rab8 34. h4 R4b7 35. Kg2 Kf8 36. h5 Ke8 37. Rxb7 Rxb7 38. hxg6 hxg6 39. Rh1 Rg7 1/2-1/2

[Event "HUN-chT2 Charousek 0607"]
[Site "Hungary"]
[Date "2007.04.15"]
[Round "8"]
[White "Pali, Gabor"]
[Black "Zoldi, Zoltan"]
[Result "0-1"]
[WhiteElo "2084"]
[BlackElo "2145"]
[PlyCount "80"]
[EventDate "2006.11.12"]
[EventType "team"]
[EventRounds "11"]
[EventCountry "HUN"]
[SourceTitle "EXT 2008"]
[Source "ChessBase"]
[SourceDate "2007.11.25"]
[SourceVersion "1"]
[SourceVersionDate "2007.11.25"]
[SourceQuality "1"]
[WhiteTeam "Barcza"]
[BlackTeam "Gyor Elektromos"]
[WhiteTeamCountry "HUN"]
[BlackTeamCountry "HUN"]

1. d4 Nf6 2. Nf3 g6 3. c4 Bg7 4. Nc3 d5 5. Qc2 c6 6. e4 Nxe4 7. Nxe4 dxe4 8. Qxe4 Bf5 9. Qh4 Nd7 10. Be2 e5 11. Bg5 Qb6 12. 0-0-0 e4 13. Ne5 Nxe5 14. Bf6 Nxc4 15. Bxc4 0-0 16. g4 Be6 17. Bxe6 fxe6 18. Bxg7 Kxg7 19. Rhe1 Qd8 20. Qg3 Qg5+ 21. Rd2 Rf4 22. h3 Raf8 23. Kc2 c5 24. dxc5 Qxc5+ 25. Kb1 Rxf2 26. Rd7+ R8f7 27. Rxf7+ Rxf7 28. Rc1 Qd4 29. g5 Qd3+ 30. Qxd3 exd3 31. Rd1 Rd7 32. Kc1 e5 33. Kd2 e4 34. Rf1 Rf7 35. Rc1 Rf2+ 36. Ke3 Re2+ 37. Kf4 d2 38. Rc7+ Kf8 39. Ke5 d1Q 40. Ke6 Qd8 0-1

[Event "HUN-chT2 Charousek 0607"]
[Site "Hungary"]
[Date "2006.11.26"]
[Round "2"]
[White "Pali, Gabor"]
[Black "Papp, Nandor"]
[Result "1/2-1/2"]
[WhiteElo "2084"]
[BlackElo "2139"]
[PlyCount "33"]
[EventDate "2006.11.12"]
[EventType "team"]
[EventRounds "11"]
[EventCountry "HUN"]
[SourceTitle "EXT 2008"]
[Source "ChessBase"]
[SourceDate "2007.11.25"]
[SourceVersion "1"]
[SourceVersionDate "2007.11.25"]
[SourceQuality "1"]
[WhiteTeam "Barcza"]
[BlackTeam "Nagykanizsa II"]
[WhiteTeamCountry "HUN"]
[BlackTeamCountry "HUN"]

1. d4 Nf6 2. Nf3 e6 3. c4 b6 4. Nc3 Bb7 5. e3 d5 6. Be2 Nbd7 7. 0-0 Be7 8. b3 0-0 9. Bb2 c5 10. Rc1 Rc8 11. cxd5 Nxd5 12. Nxd5 Bxd5 13. Nd2 cxd4 14. Bxd4 Bf6 15. Rxc8 Qxc8 16. Bxf6 Nxf6 17. Qc1 1/2-1/2

[Event "Ajka Borostyan Cup"]
[Site "Ajka"]
[Date "2005.07.09"]
[Round "8"]
[White "Pali, Gabor"]
[Black "Oltean, Gusztav"]
[Result "1/2-1/2"]
[WhiteElo "2085"]
[BlackElo "2197"]
[PlyCount "131"]
[EventDate "2005.07.02"]
[EventType "swiss"]
[EventRounds "9"]
[EventCountry "HUN"]
[SourceTitle "EXT 2008"]
[Source "ChessBase"]
[SourceDate "2007.11.25"]
[SourceVersion "1"]
[SourceVersionDate "2007.11.25"]
[SourceQuality "1"]

1. d4 c6 2. c4 d5 3. cxd5 cxd5 4. Nc3 Nf6 5. Nf3 Nc6 6. Qb3 Na5 7. Qc2 Bd7 8. Ne5 Rc8 9. Nxd7 Qxd7 10. f3 e6 11. e3 Be7 12. Bd3 b5 13. a3 Nc4 14. b3 Nxa3 15. Bxa3 b4 16. Bb2 bxc3 17. Ba3 Rc7 18. 0-0 0-0 19. b4 Rb8 20. Rfb1 g6 21. Rb3 Rbc8 22. Ba6 Rb8 23. b5 Ne8 24. Rxc3 Rxc3 25. Qxc3 Bxa3 26. Rxa3 Nd6 27. Qc6 Qe7 28. Qc5 Kf8 29. Rb3 Nc4 30. Kf2 Ke8 31. Qxe7+ Kxe7 32. h4 f6 33. f4 h6 34. Rb1 Kd6 35. Re1 e5 36. Kf3 e4+ 37. Ke2 Kd7 38. Rh1 h5 39. Rh3 f5 40. Rh1 Rb6 41. Rc1 Kc7 42. Rc3 Kd6 43. Ke1 Rb8 44. Kd1 Kc7 45. b6+ Rxb6 46. Bxc4 Rc6 47. Ra3 dxc4 48. Rxa7+ Kb6 49. Ra8 Kb7 50. Ra4 Kb6 51. Rb4+ Kc7 52. Kc2 Kd6 53. Kc3 Kd5 54. Ra4 Rb6 55. Ra5+ Ke6 56. d5+ Kd7 57. Kxc4 Rb2 58. Kc5 Rb3 59. Ra7+ Kc8 60. Kd6 Rxe3 61. Ke7 Rd3 62. d6 e3 63. d7+ Rxd7+ 64. Rxd7 e2 65. Rd8+ Kc7 66. Rd7+ 1/2-1/2

[Event "Ajka Borostyan Cup"]
[Site "Ajka"]
[Date "2005.07.08"]
[Round "7"]
[White "Simon, Istvan"]
[Black "Pali, Gabor"]
[Result "0-1"]
[WhiteElo "2015"]
[BlackElo "2085"]
[PlyCount "80"]
[EventDate "2005.07.02"]
[EventType "swiss"]
[EventRounds "9"]
[EventCountry "HUN"]
[SourceTitle "EXT 2008"]
[Source "ChessBase"]
[SourceDate "2007.11.25"]
[SourceVersion "1"]
[SourceVersionDate "2007.11.25"]
[SourceQuality "1"]

1. d4 e6 2. Nf3 d5 3. g3 Be7 4. Bg2 Bd7 5. Ne5 Nc6 6. Nxd7 Qxd7 7. c3 f5 8. h4 h6 9. Nd2 Nf6 10. Nf3 Ne4 11. Bf4 0-0-0 12. Ne5 Nxe5 13. Bxe5 Nf6 14. Qb3 g5 15. 0-0-0 Rhg8 16. hxg5 hxg5 17. Bxf6 Bxf6 18. Rh6 Qe7 19. Rdh1 Rd6 20. Rh7 Bg7 21. Qa3 a6 22. e3 e5 23. Qc5 Qe6 24. Qa7 exd4 25. exd4 Rb6 26. b3 g4 27. Rxg7 Rxg7 28. Qa8+ Kd7 29. Rh8 Kc6 30. c4 Qe1+ 31. Kc2 Qxf2+ 32. Kd1 Qg1+ 33. Bf1 Qxf1+ 34. Kc2 Qf2+ 35. Kb1 Qg1+ 36. Kc2 Qxd4 37. Qe8+ Kc5 38. Qf8+ Rd6 39. Qxf5 Re7 40. Rh2 Re3 0-1

[Event "Balatonlelle op-B"]
[Site "Balatonlelle "]
[Date "2005.06.25"]
[Round "8"]
[White "Pali, Gabor"]
[Black "Nagy, Tibor2222"]
[Result "1-0"]
[WhiteElo "2093"]
[BlackElo "1982"]
[PlyCount "83"]
[EventDate "2005.06.18"]
[EventType "swiss"]
[EventRounds "9"]
[EventCountry "HUN"]
[SourceTitle "EXT 2008"]
[Source "ChessBase"]
[SourceDate "2007.11.25"]
[SourceVersion "1"]
[SourceVersionDate "2007.11.25"]
[SourceQuality "1"]

1. d4 d5 2. c4 Nf6 3. Nc3 e6 4. a3 Be7 5. g3 0-0 6. Bg2 c6 7. b3 Nbd7 8. Nf3 Ne4 9. Bb2 Qa5 10. Qc2 Ndf6 11. 0-0 c5 12. dxc5 Qxc5 13. Rac1 b6 14. Ne5 Bb7 15. Nxe4 dxe4 16. e3 Qc7 17. Qe2 Bd6 18. Ng4 Nxg4 19. Qxg4 f5 20. Qg5 Rae8 21. Rfd1 Be5 22. Bxe5 Qxe5 23. Rd7 Rf7 24. Rcd1 Bc6 25. Rxf7 Kxf7 26. b4 a6 27. Bf1 b5 28. Qf4 Kf6 29. Qh4+ Kg6 30. Be2 h6 31. Bh5+ Kh7 32. Bxe8 Bxe8 33. Qe7 Bh5 34. Rd4 bxc4 35. Qc5 Qf6 36. Qxc4 Bf3 37. Qxa6 h5 38. h4 Qg6 39. Kh2 Qg4 40. Qxe6 Bd1 41. Rd5 Bb3 42. Qxf5+ 1-0

[Event "Balatonlelle op-B"]
[Site "Balatonlelle "]
[Date "2005.06.22"]
[Round "5"]
[White "Koban, Balint"]
[Black "Pali, Gabor"]
[Result "0-1"]
[WhiteElo "1622"]
[BlackElo "2093"]
[PlyCount "120"]
[EventDate "2005.06.18"]
[EventType "swiss"]
[EventRounds "9"]
[EventCountry "HUN"]
[SourceTitle "EXT 2008"]
[Source "ChessBase"]
[SourceDate "2007.11.25"]
[SourceVersion "1"]
[SourceVersionDate "2007.11.25"]
[SourceQuality "1"]

1. e4 c6 2. c4 e5 3. Nf3 Qc7 4. d4 Bb4+ 5. Bd2 Bxd2+ 6. Qxd2 d6 7. Nc3 a6 8. a4 a5 9. Be2 Na6 10. Rd1 Nb4 11. dxe5 dxe5 12. Nxe5 Be6 13. Nf3 Ne7 14. 0-0 Ng6 15. Nd4 Rd8 16. Nxe6 fxe6 17. Qxd8+ Qxd8 18. Rxd8+ Kxd8 19. Rd1+ Ke7 20. g3 e5 21. Rd2 Rd8 22. Rxd8 Kxd8 23. Kg2 Kc7 24. Kf3 Kd6 25. h4 Nf8 26. Ke3 Ne6 27. f4 Nc5 28. f5 Nc2+ 29. Kd2 Nd4 30. g4 Nd7 31. g5 h6 32. Bh5 hxg5 33. hxg5 Ke7 34. Ke3 Nb6 35. Kd3 Nb3 36. Kc2 Nc5 37. b3 Nbd7 38. Bf3 Nf8 39. Bh5 Nh7 40. f6+ Kf8 41. fxg7+ Kxg7 42. Bg4 Nxg5 43. Bc8 Nf7 44. Bh3 Nd6 45. Bg2 Kf6 46. Ne2 Ndxe4 47. Bxe4 Nxe4 48. Kd3 Nc5+ 49. Kc3 Kf5 50. b4 axb4+ 51. Kxb4 Nd7 52. a5 Ke4 53. Nc1 Ke3 54. a6 bxa6 55. Ka5 Kd2 56. Nb3+ Kc3 57. Nc1 Kxc4 58. Kxa6 e4 59. Kb7 c5 60. Kc6 Ne5+ 0-1

[Event "Balatonlelle op-B"]
[Site "Balatonlelle "]
[Date "2005.06.20"]
[Round "3"]
[White "Pali, Gabor"]
[Black "Repasi, Zoltan Jr"]
[Result "1/2-1/2"]
[WhiteElo "2093"]
[BlackElo "2180"]
[PlyCount "30"]
[EventDate "2005.06.18"]
[EventType "swiss"]
[EventRounds "9"]
[EventCountry "HUN"]
[SourceTitle "EXT 2008"]
[Source "ChessBase"]
[SourceDate "2007.11.25"]
[SourceVersion "1"]
[SourceVersionDate "2007.11.25"]
[SourceQuality "1"]

1. d4 Nf6 2. Nf3 d5 3. c4 e6 4. Nc3 c6 5. e3 Nbd7 6. Be2 Bd6 7. Qc2 0-0 8. 0-0 Re8 9. Rd1 Qe7 10. g3 a6 11. a4 dxc4 12. Bxc4 Nb6 13. Bf1 Nbd5 14. e4 Nxc3 15. bxc3 e5 1/2-1/2

[Event "HUN-chT2 Breyer 0405"]
[Site "Hungary"]
[Date "2004.12.05"]
[Round "4"]
[White "Pali, Gabor"]
[Black "Janko, Zoltan"]
[Result "0-1"]
[WhiteElo "2126"]
[BlackElo "2173"]
[PlyCount "98"]
[EventDate "2004.09.26"]
[EventType "team"]
[EventRounds "11"]
[EventCountry "HUN"]
[SourceTitle "EXT 2009"]
[Source "ChessBase"]
[SourceDate "2008.11.26"]
[SourceVersion "1"]
[SourceVersionDate "2008.11.26"]
[SourceQuality "1"]
[WhiteTeam "Barcza"]
[BlackTeam "Komarom"]
[WhiteTeamCountry "HUN"]
[BlackTeamCountry "HUN"]

1. d4 Nf6 2. Nf3 g6 3. c4 Bg7 4. Nc3 d5 5. e3 0-0 6. Be2 a6 7. a3 dxc4 8. Bxc4 c5 9. 0-0 b5 10. Be2 Bb7 11. Rb1 cxd4 12. Nxd4 e5 13. Nb3 Qc7 14. Bd2 Rd8 15. Rc1 Qb6 16. Qc2 Nbd7 17. e4 Rac8 18. Be3 Qe6 19. f3 Bf8 20. Rfd1 b4 21. Na5 Ba8 22. axb4 Bxb4 23. Qa4 Bc5 24. Bxc5 Rxc5 25. Nb3 Rcc8 26. Bxa6 Qb6+ 27. Kh1 Bc6 28. Qc4 Bb7 29. Na4 Rxc4 30. Nxb6 Rxc1 31. Rxc1 Bxa6 32. Rd1 Rb8 33. Nxd7 Nxd7 34. Rxd7 Rxb3 35. Rd2 Rd3 36. Rxd3 Bxd3 37. Kg1 f5 38. exf5 gxf5 39. Kf2 Kg7 40. Ke3 Bb5 41. g4 Kf6 42. h3 f4+ 43. Kf2 Kg5 44. Kg2 Kh4 45. Kh2 Bc6 46. Kg2 e4 47. fxe4 Bxe4+ 48. Kh2 f3 49. Kg1 Kg3 0-1

[Event "Budapest FS09 FM-A"]
[Site "Budapest"]
[Date "2004.09.11"]
[Round "8"]
[White "Pali, Gabor"]
[Black "Lakat, Gyula"]
[Result "1-0"]
[WhiteElo "2126"]
[BlackElo "1991"]
[PlyCount "94"]
[EventDate "2004.09.??"]
[EventType "tourn"]
[EventRounds "11"]
[EventCountry "HUN"]
[SourceTitle "CBM 102 Extra"]
[Source "ChessBase"]
[SourceDate "2004.11.03"]
[SourceVersion "1"]
[SourceVersionDate "2004.11.03"]
[SourceQuality "1"]

1. d4 Nf6 2. c4 e6 3. Nc3 d5 4. Nf3 c6 5. e3 Bd6 6. Bd3 dxc4 7. Bxc4 b5 8. Bd3 Bb7 9. e4 Be7 10. Qc2 h6 11. 0-0 a6 12. Rd1 Nbd7 13. e5 Nd5 14. Nxd5 cxd5 15. Be3 Rc8 16. Qd2 Nb6 17. b3 Ba3 18. Rab1 b4 19. Ne1 Qc7 20. Nc2 Qc3 21. Qxc3 Rxc3 22. Nxa3 bxa3 23. Rbc1 Rc8 24. Bd2 Kd7 25. Bb4 Na8 26. Bxa3 Nc7 27. Bc5 Bc6 28. Kf1 Bb5 29. Ke2 f5 30. a4 Bxd3+ 31. Kxd3 Rb8 32. b4 Rb7 33. Rc3 Ra8 34. Rdc1 Ne8 35. Bf8 Kd8 36. Rc6 Kd7 37. Bd6 h5 38. h4 g6 39. Ke3 Raa7 40. f3 Ng7 41. Kf4 Ne8 42. Kg5 Nxd6 43. Rxd6+ Ke7 44. Rcc6 Rxb4 45. Rxe6+ Kf8 46. Rxg6 Rxd4 47. Rc8+ Kf7 1-0

[Event "Budapest FS09 FM-A"]
[Site "Budapest"]
[Date "2004.09.09"]
[Round "6"]
[White "Pali, Gabor"]
[Black "Dobos, Otto"]
[Result "1/2-1/2"]
[WhiteElo "2126"]
[BlackElo "2033"]
[PlyCount "124"]
[EventDate "2004.09.??"]
[EventType "tourn"]
[EventRounds "11"]
[EventCountry "HUN"]
[SourceTitle "CBM 102 Extra"]
[Source "ChessBase"]
[SourceDate "2004.11.03"]
[SourceVersion "1"]
[SourceVersionDate "2004.11.03"]
[SourceQuality "1"]

1. d4 d5 2. c4 e6 3. Nc3 c6 4. cxd5 cxd5 5. a3 a6 6. g3 g6 7. Bg2 Bg7 8. Nf3 Nf6 9. 0-0 0-0 10. Bg5 Qb6 11. b4 h6 12. Bf4 Nc6 13. Rc1 g5 14. Bd6 Re8 15. e3 Qd8 16. Be5 Nxe5 17. Nxe5 Nd7 18. f4 Nxe5 19. dxe5 f5 20. Ne2 Bd7 21. Nd4 g4 22. Rf2 Rc8 23. Rxc8 Qxc8 24. Rc2 Qb8 25. Qc1 Rc8 26. Bf1 Bf8 27. Bd3 Rxc2 28. Qxc2 Qc8 29. Qxc8 Bxc8 30. Nb3 Kf7 31. Kf2 Ke8 32. Ke2 Kd8 33. Kd2 Kc7 34. Kc3 Be7 35. a4 Bd7 36. a5 h5 37. Nd4 h4 38. gxh4 Bxh4 39. Ne2 Be1+ 40. Kd4 Bxb4 41. Bxf5 exf5 42. Kxd5 Bc6+ 43. Ke6 Bd7+ 44. Kf7 Bxa5 45. e6 Bd2 46. e4 Bb5 47. e7 Bc4+ 48. Kf8 Bb4 49. Nc3 Kd7 50. exf5 Bxe7+ 51. Kg7 b5 52. f6 Bb4 53. Ne4 a5 54. f7 a4 55. Nf6+ Kc6 56. Nxg4 Bc3+ 57. Ne5+ Bxe5+ 58. fxe5 Bxf7 59. Kxf7 a3 60. e6 a2 61. e7 a1Q 62. e8Q+ Kc5 1/2-1/2

[Event "Budapest FS09 FM-A"]
[Site "Budapest"]
[Date "2004.09.08"]
[Round "5"]
[White "Juhasz, Mark"]
[Black "Pali, Gabor"]
[Result "1-0"]
[WhiteElo "2142"]
[BlackElo "2126"]
[PlyCount "149"]
[EventDate "2004.09.??"]
[EventType "tourn"]
[EventRounds "11"]
[EventCountry "HUN"]
[SourceTitle "CBM 102 Extra"]
[Source "ChessBase"]
[SourceDate "2004.11.03"]
[SourceVersion "1"]
[SourceVersionDate "2004.11.03"]
[SourceQuality "1"]

1. c4 c6 2. e4 d6 3. g3 Nf6 4. Bg2 e5 5. d4 exd4 6. Qxd4 Be7 7. Ne2 0-0 8. 0-0 Qb6 9. Qxb6 axb6 10. b3 Na6 11. Nbc3 Nc5 12. Bd2 Be6 13. Rfd1 Rfd8 14. Bf4 Nh5 15. Be3 Nf6 16. h3 Nfd7 17. g4 f6 18. f4 Na6 19. Nd4 Nc7 20. Rd2 g6 21. Nxe6 Nxe6 22. Rad1 Kf7 23. Kf2 Nc7 24. Kg3 Ra5 25. Bf1 h5 26. Rh2 Rh8 27. Rdd2 hxg4 28. hxg4 Rxh2 29. Rxh2 Kg7 30. Bd2 Ra8 31. Be3 Na6 32. Bd4 Rh8 33. Rxh8 Kxh8 34. g5 Kg7 35. Bh3 Nab8 36. Kf3 Kf7 37. gxf6 Bxf6 38. Ne2 c5 39. Bxf6 Nxf6 40. Bc8 Nc6 41. Bxb7 Nb4 42. Nc3 Nc2 43. e5 Nd4+ 44. Ke3 Nf5+ 45. Kd3 Nh5 46. Ke4 dxe5 47. Kxe5 Nf6 48. Ba8 Ke7 49. Nd5+ Nxd5 50. Bxd5 Nd6 51. Be4 Nf7+ 52. Kd5 g5 53. fxg5 Nxg5 54. Bf5 Nf3 55. Kc6 Nd4+ 56. Kxb6 Nxf5 57. Kxc5 Kd7 58. a4 Kc7 59. b4 Nd6 60. a5 Ne4+ 61. Kd5 Nc3+ 62. Kd4 Ne2+ 63. Kc5 Nf4 64. b5 Ne6+ 65. Kd5 Nf4+ 66. Kc5 Nd3+ 67. Kd4 Nc1 68. Kc3 Na2+ 69. Kd2 Nb4 70. c5 Kb7 71. Kc3 Nd5+ 72. Kd4 Ne7 73. Ke5 Nc8 74. a6+ Kc7 75. Ke6 1-0